00558nam a2200169Ia 4500008004100000100004900041245007500090245004900165260001300214260000900227300003100236440004400267650003200311650001200343650001500355650001800370190412s9999 xx 000 0 und d aJack Bao, Maureen O'Hara, & Xing (Alex) Zhou 4aThe volcker rule and corporate bond market making in times of stress / cJack Bao, Maureen O'Hara, & Xing (Alex) Zhou belsevier c2018 apages 95-113, October 2018 aJournal of Financial Economicsv130 (1) aCorporate Bond Illiquidity  aFINANCE aRegulation aVolcker Rule